000 00374nam a2200157Ia 4500
008 221030s9999 xx 000 0 und d
020 _a8185198888
041 _aEnglish
082 _a105.23
_bSch
100 _aF. Schwabl
245 0 _aQuantum Mechanics
_cby F. Schwabl
260 _bS. Chand & Co
_aNew Delhi
_c1998
300 _a407
650 _aMechanical
942 _cBK
999 _c3175
_d3175